[Event "Titled Tuesday intern op 23rd Nov"]
[Site "Chess.com INT"]
[Date "2021.11.23"]
[Round "11"]
[White "Gutkovich, Polina"]
[Black "Sadykov, Ramil"]
[Result "0-1"]
[WhiteElo "1921"]
[BlackElo "2345"]
[PlyCount "138"]
[EventDate "2021.11.23"]
[EventType "swiss (blitz)"]
[EventRounds "11"]
[EventCountry "USA"]
[SourceTitle "CBM 205 Extra"]
[Source "ChessBase"]
[SourceDate "2022.01.31"]
[SourceVersion "1"]
[SourceVersionDate "2022.01.31"]
[SourceQuality "1"]

1. d4 Nf6 2. c4 g6 3. Nc3 d5 4. Nf3 Bg7 5. Bg5 dxc4 6. e3 c5 7. Bxc4 cxd4 8. exd4 0-0 9. 0-0 Nc6 10. h3 h6 11. Bf4 Bf5 12. Re1 Rc8 13. Bf1 Nd5 14. Bg3 Nb6 15. Be5 Nxe5 16. dxe5 Qc7 17. Rc1 Rfd8 18. Qe2 Qb8 19. Red1 Rxd1 20. Rxd1 Nc4 21. Nd5 Kf8 22. g4 Be6 23. Nf4 Nxe5 24. Nxe6+ fxe6 25. Nxe5 Qxe5 26. Qf3+ Bf6 27. Qxb7 Rb8 28. Qxa7 Qxb2 29. a4 Be5 30. a5 Bd6 31. Qe3 g5 32. Qxe6 Qb4 33. Qxh6+ Ke8 34. Qxg5 Qe4 35. Qh5+ Kd8 36. a6 Qa4 37. Qh8+ Kc7 38. Qc3+ Kd8 39. Rc1 Qf4 40. Qh8+ Kd7 41. Bb5+ Ke6 42. Bc4+ Kd7 43. Bb5+ Ke6 44. Re1+ Kd5 45. Qh5+ Kd4 46. Rd1+ Kc3 47. Qd5 Qh2+ 48. Kf1 Qxh3+ 49. Ke2 Qxg4+ 50. Qf3+ Qxf3+ 51. Kxf3 Rxb5 52. a7 Ra5 53. Rc1+ Kd4 54. Rd1+ Ke5 55. Re1+ Kf6 56. Kg4 Rxa7 57. f3 Ra4+ 58. Kh3 Rf4 59. Re3 Rf5 60. Rb3 e6 61. Kg4 Be5 62. Ra3 Rg5+ 63. Kh3 Rg3+ 64. Kh4 Rg2 65. Rb3 Bf4 66. Ra3 Rg1 67. Kh3 Kf5 68. Ra4 e5 69. Kh4 Rh1# 0-1

[Event "Titled Tuesday intern op 23rd Nov"]
[Site "Chess.com INT"]
[Date "2021.11.23"]
[Round "10"]
[White "Mickiewicz, Piotr"]
[Black "Gutkovich, Polina"]
[Result "1-0"]
[WhiteElo "2331"]
[BlackElo "1921"]
[PlyCount "101"]
[EventDate "2021.11.23"]
[EventType "swiss (blitz)"]
[EventRounds "11"]
[EventCountry "USA"]
[SourceTitle "CBM 205 Extra"]
[Source "ChessBase"]
[SourceDate "2022.01.31"]
[SourceVersion "1"]
[SourceVersionDate "2022.01.31"]
[SourceQuality "1"]

1. e4 c5 2. Nf3 Nc6 3. d4 cxd4 4. Nxd4 Nf6 5. Nc3 e5 6. Ndb5 d6 7. Bg5 a6 8. Na3 b5 9. Nd5 Be7 10. Bxf6 Bxf6 11. c3 0-0 12. Nc2 Rb8 13. g3 Be7 14. Bg2 Be6 15. Nce3 a5 16. 0-0 Qd7 17. Qd3 Bd8 18. Kh1 Ne7 19. Nxe7+ Qxe7 20. Rfd1 Bc7 21. Nd5 Bxd5 22. Qxd5 Rfd8 23. Bh3 Bb6 24. Kg2 Bc5 25. a3 b4 26. cxb4 axb4 27. a4 b3 28. a5 Bd4 29. Rd2 Qa7 30. Kg1 Qa6 31. Bf1 Qa7 32. a6 Rb6 33. Ra5 Rc8 34. Kg2 g6 35. Bc4 Rcb8 36. f4 Rb4 37. h4 h5 38. f5 Kg7 39. fxg6 fxg6 40. Rd3 Rf8 41. Rf3 Rxf3 42. Kxf3 Bxb2 43. Qg8+ Kh6 44. Qh8+ Qh7 45. Qxh7+ Kxh7 46. a7 Rxc4 47. a8Q Rc3+ 48. Kg2 Rc2+ 49. Kh3 Bd4 50. Rb5 b2 51. Rb7+ 1-0

[Event "Titled Tuesday intern op 16th Nov"]
[Site "Chess.com INT"]
[Date "2021.11.16"]
[Round "8"]
[White "Antonova, Nadezhda"]
[Black "Gutkovich, Polina"]
[Result "0-1"]
[WhiteElo "1842"]
[BlackElo "1921"]
[PlyCount "50"]
[EventDate "2021.11.16"]
[EventType "swiss (blitz)"]
[EventRounds "11"]
[EventCountry "USA"]
[SourceTitle "CBM 205 Extra"]
[Source "ChessBase"]
[SourceDate "2022.01.31"]
[SourceVersion "1"]
[SourceVersionDate "2022.01.31"]
[SourceQuality "1"]

1. Nf3 d6 2. d4 Nf6 3. b3 g6 4. Bb2 Bg7 5. g3 0-0 6. Bg2 Nc6 7. d5 Nb8 8. 0-0 c6 9. c4 Nbd7 10. Re1 cxd5 11. cxd5 b6 12. e4 Ba6 13. Nbd2 Rc8 14. Rc1 Nc5 15. Nd4 Nd3 16. Rxc8 Qxc8 17. Nc6 Qd7 18. Bxf6 Bxf6 19. Re3 Ne5 20. f4 Nxc6 21. e5 Nxe5 22. fxe5 Bxe5 23. Kh1 Rc8 24. Nf3 Bf6 25. Nd4 Bxd4 0-1

[Event "Titled Tuesday intern op 16th Nov"]
[Site "Chess.com INT"]
[Date "2021.11.16"]
[Round "7"]
[White "Gutkovich, Polina"]
[Black "Papp, Levente"]
[Result "0-1"]
[WhiteElo "1921"]
[BlackElo "2391"]
[PlyCount "98"]
[EventDate "2021.11.16"]
[EventType "swiss (blitz)"]
[EventRounds "11"]
[EventCountry "USA"]
[SourceTitle "CBM 205 Extra"]
[Source "ChessBase"]
[SourceDate "2022.01.31"]
[SourceVersion "1"]
[SourceVersionDate "2022.01.31"]
[SourceQuality "1"]

1. d4 Nf6 2. c4 e6 3. Nc3 Bb4 4. f3 d5 5. a3 Bxc3+ 6. bxc3 0-0 7. cxd5 exd5 8. e3 b6 9. Bd3 Ba6 10. Bxa6 Nxa6 11. Qd3 Nb8 12. Ne2 Re8 13. 0-0 c5 14. Ng3 Nc6 15. Bb2 h5 16. Rae1 g6 17. e4 h4 18. Nh1 cxd4 19. cxd4 Nh5 20. f4 dxe4 21. Rxe4 Qd5 22. Rxe8+ Rxe8 23. f5 Re4 24. fxg6 fxg6 25. Nf2 Re6 26. Ng4 Qe4 27. Qxe4 Rxe4 28. Nf6+ Nxf6 29. Rxf6 Ne7 30. Rd6 Re2 31. Bc3 Kf7 32. Rd7 Ke6 33. Rxa7 Nd5 34. Bb4 Ne3 35. Re7+ Kd5 36. h3 Rxg2+ 37. Kh1 Rg3 38. Rd7+ Kc4 39. Kh2 Kd3 40. Rf7 Kxd4 41. Rf4+ Kd3 42. Rxh4 Nf1+ 43. Kh1 Ke2 44. Rg4 Rxg4 45. hxg4 Kf3 46. g5 Ng3+ 47. Kh2 Ne4 48. Be7 b5 49. Bf6 Kf4 0-1

[Event "Titled Tuesday intern op 16th Nov"]
[Site "Chess.com INT"]
[Date "2021.11.16"]
[Round "1"]
[White "Gutkovich, Polina"]
[Black "Vetoshko, Volodymyr"]
[Result "1-0"]
[WhiteElo "1921"]
[BlackElo "2525"]
[PlyCount "71"]
[EventDate "2021.11.16"]
[EventType "swiss (blitz)"]
[EventRounds "11"]
[EventCountry "USA"]
[SourceTitle "CBM 205 Extra"]
[Source "ChessBase"]
[SourceDate "2022.01.31"]
[SourceVersion "1"]
[SourceVersionDate "2022.01.31"]
[SourceQuality "1"]

1. d4 d5 2. c4 e6 3. Nc3 a6 4. cxd5 exd5 5. Nf3 Nf6 6. Bg5 Be6 7. e3 Nbd7 8. Bd3 Bd6 9. 0-0 c6 10. Qc2 Qc7 11. a3 Bg4 12. Bf4 Bxf4 13. exf4 Bxf3 14. gxf3 Qxf4 15. Rae1+ Kf8 16. Ne2 Qxf3 17. Ng3 g6 18. Re3 Qf4 19. Rfe1 Kg7 20. Qb3 Qc7 21. Nf5+ gxf5 22. Rg3+ Kf8 23. Qb4+ c5 24. dxc5 Qxc5 25. Qh4 h6 26. Bxf5 Re8 27. Rxe8+ Kxe8 28. Bxd7+ Nxd7 29. Re3+ Kf8 30. Qd8+ Kg7 31. Qxd7 Rf8 32. Rg3+ Kh8 33. Qf5 Qc6 34. Qg4 Qc1+ 35. Kg2 Qg5 36. Qd4+ 1-0

[Event "Titled Tuesday intern op 16th Nov"]
[Site "Chess.com INT"]
[Date "2021.11.16"]
[Round "3"]
[White "Skatchkov, Valery"]
[Black "Gutkovich, Polina"]
[Result "0-1"]
[WhiteElo "2281"]
[BlackElo "1921"]
[PlyCount "65"]
[EventDate "2021.11.16"]
[EventType "swiss (blitz)"]
[EventRounds "11"]
[EventCountry "USA"]
[SourceTitle "CBM 205 Extra"]
[Source "ChessBase"]
[SourceDate "2022.01.31"]
[SourceVersion "1"]
[SourceVersionDate "2022.01.31"]
[SourceQuality "1"]

1. d4 d5 2. c4 e6 3. Nf3 c6 4. Nc3 Nf6 5. e3 Nbd7 6. Be2 dxc4 7. Bxc4 b5 8. Bd3 Bb7 9. 0-0 a6 10. Qc2 c5 11. dxc5 Nxc5 12. Be2 Be7 13. Rd1 Qb6 14. Bd2 0-0 15. Rac1 Rac8 16. Be1 Nce4 17. Qb1 Rfd8 18. Rxd8+ Rxd8 19. b3 Nxc3 20. Bxc3 Be4 21. Qb2 h6 22. a3 a5 23. Bd4 Qb7 24. b4 axb4 25. axb4 Ra8 26. Be5 Ne8 27. Bd4 Qd5 28. h3 Ra2 29. Qc3 Rxe2 30. Qc8 Kf8 31. Ne5 f6 32. Ng6+ Bxg6 33. Rc7 0-1

[Event "Titled Tuesday intern op 18th May"]
[Site "Chess.com INT"]
[Date "2021.05.18"]
[Round "1"]
[White "Gutkovich, Polina"]
[Black "Chasin, Nico Werner"]
[Result "0-1"]
[WhiteElo "1949"]
[BlackElo "2276"]
[PlyCount "68"]
[EventDate "2021.05.18"]
[EventType "swiss (blitz)"]
[EventRounds "11"]
[EventCountry "USA"]
[SourceTitle "CBM 202 Extra"]
[Source "ChessBase"]
[SourceDate "2021.07.31"]
[SourceVersion "1"]
[SourceVersionDate "2021.07.31"]
[SourceQuality "1"]

1. d4 Nf6 2. c4 e6 3. Nc3 Bb4 4. f3 d5 5. a3 Bxc3+ 6. bxc3 c5 7. e3 Nc6 8. cxd5 exd5 9. Bd3 0-0 10. Ne2 Re8 11. 0-0 b6 12. Qc2 c4 13. Bf5 Bxf5 14. Qxf5 Qd7 15. Qxd7 Nxd7 16. Ng3 Na5 17. Bb2 Rxe3 18. Nf5 Re2 19. Rf2 Rae8 20. Nd6 Rxf2 21. Kxf2 Re6 22. Nb5 Nc6 23. Nc7 Rd6 24. a4 Nf6 25. Re1 Rd7 26. Ne8 Re7 27. Rxe7 Nxe7 28. Ba3 Nxe8 29. Bxe7 f6 30. Bd8 Kf7 31. a5 b5 32. a6 Ke6 33. Ke3 Kd7 34. Ba5 Nc7 0-1

[Event "Titled Tuesday intern op 30th Mar"]
[Site "Chess.com INT"]
[Date "2021.03.30"]
[Round "3"]
[White "Gutkovich, Polina"]
[Black "Ostrovskiy, Aleksandr A"]
[Result "0-1"]
[WhiteElo "2110"]
[BlackElo "2431"]
[PlyCount "58"]
[EventDate "2021.03.30"]
[EventType "swiss (blitz)"]
[EventRounds "11"]
[EventCountry "USA"]
[SourceTitle "CBM 201 Extra"]
[Source "ChessBase"]
[SourceDate "2021.05.31"]
[SourceVersion "1"]
[SourceVersionDate "2021.05.31"]
[SourceQuality "1"]

1. d4 Nf6 2. c4 e5 3. dxe5 Ng4 4. Bf4 Nc6 5. Nf3 Bb4+ 6. Nbd2 Qe7 7. e3 Ngxe5 8. Nxe5 Nxe5 9. Be2 a5 10. 0-0 d6 11. Nb3 a4 12. Nd4 0-0 13. Qc2 Bc5 14. Rfd1 g6 15. h3 Re8 16. Rab1 Nc6 17. Nxc6 bxc6 18. Qc3 Rb8 19. Bh6 Qe5 20. Qxe5 Rxe5 21. Bf3 Bf5 22. Ra1 Rxb2 23. Bxc6 a3 24. Bf4 Re6 25. Bd7 Re4 26. Bxf5 gxf5 27. Rdc1 f6 28. Rc3 Kf7 29. f3 Rxf4 0-1

[Event "Titled Tuesday intern op 30th Mar"]
[Site "Chess.com INT"]
[Date "2021.03.30"]
[Round "2"]
[White "Vazquez, Facundo"]
[Black "Gutkovich, Polina"]
[Result "0-1"]
[WhiteElo "2200"]
[BlackElo "2110"]
[PlyCount "92"]
[EventDate "2021.03.30"]
[EventType "swiss (blitz)"]
[EventRounds "11"]
[EventCountry "USA"]
[SourceTitle "CBM 201 Extra"]
[Source "ChessBase"]
[SourceDate "2021.05.31"]
[SourceVersion "1"]
[SourceVersionDate "2021.05.31"]
[SourceQuality "1"]

1. d4 d5 2. c4 e6 3. Nc3 c6 4. Nf3 dxc4 5. a4 Bb4 6. e3 c5 7. Bxc4 cxd4 8. Nxd4 Nf6 9. 0-0 0-0 10. Ndb5 Nc6 11. Qe2 a6 12. Rd1 Bd7 13. Nd6 Qe7 14. Nde4 Nxe4 15. Nxe4 Rfd8 16. Bd2 Na5 17. Bxb4 Qxb4 18. Bd3 Rac8 19. Nd6 Rc5 20. Qf3 Be8 21. Nxf7 Rd7 22. Bxh7+ Kxh7 23. Rxd7 Bxd7 24. Rd1 Be8 25. Nd6 Bh5 26. Qh3 Rd5 27. Rf1 Qxd6 28. g4 g6 29. gxh5 Rxh5 30. Qg2 Nc6 31. f4 Qd5 32. e4 Qd4+ 33. Kh1 Qxa4 34. Rg1 Rh6 35. f5 exf5 36. exf5 Qd4 37. fxg6+ Kg7 38. Qg5 Qe5 39. Qd2 Rxg6 40. Qd7+ Kh6 41. Qh3+ Kg7 42. Qd7+ Kg8 43. Qc8+ Kf7 44. Qd7+ Kf6 45. Qg7+ Kxg7 46. Rf1 Qe4+ 0-1

[Event "FIDE World Uni Rapid-E 1st"]
[Site "Tornelo INT"]
[Date "2021.03.21"]
[Round "10"]
[White "De Paula, Luan Araujo"]
[Black "Gutkovich, Polina"]
[Result "0-1"]
[WhiteElo "1706"]
[BlackElo "2110"]
[PlyCount "68"]
[EventDate "2021.03.20"]
[EventType "swiss (rapid)"]
[EventRounds "12"]
[EventCountry "NET"]
[SourceTitle "EXT 2022"]
[Source "ChessBase"]
[SourceDate "2021.10.06"]
[SourceVersion "1"]
[SourceVersionDate "2021.10.06"]
[SourceQuality "1"]

1. e4 Nc6 2. Nf3 d6 3. h3 Nf6 4. Nc3 g6 5. Bc4 Bg7 6. 0-0 0-0 7. d3 e5 8. Be3 Be6 9. Nd5 Bxd5 10. exd5 Ne7 11. Bg5 Qd7 12. Bxf6 Bxf6 13. Nd2 Bg7 14. c3 Kh8 15. Ne4 h6 16. Qe2 f5 17. Nd2 Rae8 18. Rae1 g5 19. Qh5 Kh7 20. h4 g4 21. f3 Ng6 22. fxg4 Nf4 23. Rxf4 exf4 24. Rxe8 Qxe8 25. Qxe8 Rxe8 26. gxf5 Re2 27. Nf3 Rxb2 28. d4 Bf6 29. Bb3 b5 30. h5 a5 31. Kh2 a4 32. Bd1 Rxa2 33. Kh3 Rb2 34. Kg4 a3 0-1

[Event "Moscow op (Women) 17th"]
[Site "Moscow"]
[Date "2021.02.26"]
[Round "7"]
[White "Gutkovich, Polina"]
[Black "Akulova, Taisiya"]
[Result "0-1"]
[WhiteElo "2061"]
[BlackElo "1833"]
[PlyCount "72"]
[EventDate "2021.02.20"]
[EventType "swiss"]
[EventRounds "9"]
[EventCountry "RUS"]
[SourceTitle "CBM 200 Extra"]
[Source "ChessBase"]
[SourceDate "2021.03.31"]
[SourceVersion "1"]
[SourceVersionDate "2021.03.31"]
[SourceQuality "1"]

1. d4 Nf6 2. c4 c5 3. d5 b5 4. cxb5 a6 5. b6 d6 6. Nc3 Nbd7 7. a4 Qxb6 8. a5 Qc7 9. Nf3 Bb7 10. e4 h6 11. Be2 e6 12. dxe6 fxe6 13. Bc4 Nxe4 14. Nxe4 Bxe4 15. Qe2 d5 16. Bxa6 c4 17. Bb5 Rxa5 18. Bxd7+ Kxd7 19. Ne5+ Qxe5 20. Rxa5 Bb4+ 21. Bd2 Bxa5 22. Bxa5 Ra8 23. b4 Qa1+ 24. Qd1 Qxd1+ 25. Kxd1 Bxg2 26. Rg1 Bf3+ 27. Kd2 g5 28. Ke3 g4 29. h3 h5 30. Kf4 Rf8+ 31. Kg3 c3 32. Bb6 c2 33. Be3 Bd1 34. f4 h4+ 35. Kf2 e5 36. hxg4 Rxf4+ 0-1

[Event "Moscow op (Women) 17th"]
[Site "Moscow"]
[Date "2021.02.20"]
[Round "1"]
[White "Gutkovich, Polina"]
[Black "Khegai, Darya"]
[Result "0-1"]
[WhiteElo "2061"]
[BlackElo "1566"]
[PlyCount "90"]
[EventDate "2021.02.20"]
[EventType "swiss"]
[EventRounds "9"]
[EventCountry "RUS"]
[SourceTitle "CBM 200 Extra"]
[Source "ChessBase"]
[SourceDate "2021.03.31"]
[SourceVersion "1"]
[SourceVersionDate "2021.03.31"]
[SourceQuality "1"]

1. d4 Nf6 2. c4 e6 3. Nf3 b6 4. Nc3 Bb7 5. g3 Bb4 6. Bg2 0-0 7. 0-0 Bxc3 8. bxc3 d5 9. Ne5 Nbd7 10. Bg5 h6 11. Nxd7 Qxd7 12. Bxf6 gxf6 13. e3 f5 14. Qh5 Kh7 15. h3 Bc6 16. g4 Rg8 17. c5 Rg5 18. Qh4 fxg4 19. hxg4 bxc5 20. f4 Rg6 21. Kf2 cxd4 22. cxd4 Qd8 23. Qh5 Rb8 24. Rab1 Bb5 25. Rh1 Bd3 26. Rbc1 Rb2+ 27. Kg3 Qg8 28. Bf3 Qb8 29. Qe5 Rc2 30. Rxc2 Bxc2 31. Rh2 Bd3 32. Rd2 Bf5 33. e4 f6 34. exf5 fxe5 35. fxg6+ Kxg6 36. dxe5 c6 37. Rc2 Qb6 38. Kg2 c5 39. Rf2 c4 40. f5+ Kg7 41. Kg3 c3 42. Rc2 Qg1+ 43. Kh3 Qe3 44. Kg2 Qd3 45. f6+ Kf8 0-1

[Event "Titled Tuesday intern op 16th Feb"]
[Site "Chess.com INT"]
[Date "2021.02.16"]
[Round "3"]
[White "Gutkovich, Polina"]
[Black "Ronka, Erik"]
[Result "1-0"]
[WhiteElo "2061"]
[BlackElo "2303"]
[PlyCount "123"]
[EventDate "2021.02.16"]
[EventType "swiss (blitz)"]
[EventRounds "11"]
[EventCountry "USA"]
[SourceTitle "EXT 2022"]
[Source "ChessBase"]
[SourceDate "2021.10.06"]
[SourceVersion "1"]
[SourceVersionDate "2021.10.06"]
[SourceQuality "1"]

1. d4 d5 2. c4 e6 3. Nc3 a6 4. e3 Nf6 5. Nf3 c6 6. b3 c5 7. cxd5 exd5 8. dxc5 Bxc5 9. Be2 Nc6 10. 0-0 0-0 11. Bb2 Ba7 12. Rc1 d4 13. exd4 Nxd4 14. Nxd4 Bxd4 15. Bf3 Rb8 16. Qc2 Qa5 17. Rfd1 Bf5 18. Qe2 Rfe8 19. Qc4 Ba7 20. Nd5 Ne4 21. b4 Bxf2+ 22. Kf1 Qa4 23. Bxe4 Rxe4 24. Qc7 Rbe8 25. Kxf2 Re2+ 26. Kg1 Rxb2 27. Ne7+ Kh8 28. Nxf5 Qxa2 29. Qg3 Rg8 30. Rc8 Rxg2+ 31. Qxg2 Qxg2+ 32. Kxg2 Rxc8 33. Nd6 Rb8 34. Nxf7+ Kg8 35. Rd8+ Rxd8 36. Nxd8 b6 37. Nc6 a5 38. b5 Kf7 39. Kf3 Ke6 40. Ke4 Kd6 41. Kd4 g6 42. Ne5 g5 43. Nc4+ Kc7 44. Ke5 h5 45. Kf5 g4 46. Kg5 a4 47. Kxh5 Kd7 48. Kxg4 Ke6 49. h4 Kd5 50. h5 Kxc4 51. h6 Kxb5 52. h7 Kb4 53. h8Q Kb3 54. Qa1 b5 55. Kf3 b4 56. Ke3 a3 57. Kd3 a2 58. Qc1 Ka4 59. Qb2 b3 60. Kc3 Ka5 61. Kxb3 a1Q 62. Qxa1+ 1-0

[Event "Titled Tuesday intern op 02nd Feb"]
[Site "Chess.com INT"]
[Date "2021.02.02"]
[Round "6"]
[White "Bulmaga, Irina"]
[Black "Gutkovich, Polina"]
[Result "1-0"]
[WhiteElo "2443"]
[BlackElo "2061"]
[PlyCount "45"]
[EventDate "2021.02.02"]
[EventType "swiss (blitz)"]
[EventRounds "11"]
[EventCountry "USA"]
[SourceTitle "CBM 200 Extra"]
[Source "ChessBase"]
[SourceDate "2021.03.31"]
[SourceVersion "1"]
[SourceVersionDate "2021.03.31"]
[SourceQuality "1"]

1. e4 c5 2. Be2 d5 3. e5 Nc6 4. f4 Bf5 5. Nf3 e6 6. 0-0 h5 7. d3 Be7 8. Be3 Nh6 9. Kh1 0-0 10. c3 Rc8 11. Bg1 b5 12. a3 a5 13. Nbd2 b4 14. axb4 axb4 15. c4 Bg6 16. Rc1 Na5 17. cxd5 Qxd5 18. Nc4 Nxc4 19. dxc4 Qb7 20. Ng5 Rfd8 21. Qe1 Bxg5 22. Bf3 Be4 23. Bxe4 1-0

[Event "Titled Tuesday intern op 02nd Feb"]
[Site "Chess.com INT"]
[Date "2021.02.02"]
[Round "11"]
[White "Gutkovich, Polina"]
[Black "Kosteniuk, Alexandra"]
[Result "0-1"]
[WhiteElo "2061"]
[BlackElo "2474"]
[PlyCount "102"]
[EventDate "2021.02.02"]
[EventType "swiss (blitz)"]
[EventRounds "11"]
[EventCountry "USA"]
[SourceTitle "CBM 200 Extra"]
[Source "ChessBase"]
[SourceDate "2021.03.31"]
[SourceVersion "1"]
[SourceVersionDate "2021.03.31"]
[SourceQuality "1"]

1. d4 Nf6 2. c4 e6 3. Nc3 Bb4 4. f3 c5 5. d5 0-0 6. e4 b5 7. Bd2 d6 8. Nxb5 Bxd2+ 9. Qxd2 exd5 10. cxd5 Qb6 11. Nc3 Nbd7 12. Nge2 Ne5 13. Ng3 Ba6 14. Be2 Rab8 15. Rb1 c4 16. Nf5 g6 17. Ne3 Rfc8 18. 0-0 Nfd7 19. Kh1 Nd3 20. b3 Qd4 21. Rbd1 cxb3 22. Bxd3 Rxc3 23. Bxa6 Qxd2 24. Rxd2 Rxe3 25. axb3 Rexb3 26. h4 Nc5 27. Be2 Rb2 28. Rfd1 a5 29. e5 dxe5 30. d6 Kf8 31. Bc4 Rxd2 32. Rxd2 Nd7 33. Ra2 Ra8 34. Bd5 Ra7 35. Ra4 Nb6 36. d7 Nxd7 37. Bc6 Nb6 38. Re4 Ke7 39. f4 Kd6 40. Bb5 exf4 41. Rxf4 f5 42. h5 a4 43. h6 a3 44. Rf1 a2 45. Ra1 Kc5 46. Be8 Kb4 47. Bf7 Rxf7 48. Rxa2 Nc4 49. Ra8 Ne5 50. Rg8 Ng4 51. Rg7 Nxh6 0-1

[Event "Titled Tuesday intern op 02nd Feb"]
[Site "Chess.com INT"]
[Date "2021.02.02"]
[Round "4"]
[White "Perez Gormaz, Matias Ariel"]
[Black "Gutkovich, Polina"]
[Result "1-0"]
[WhiteElo "2413"]
[BlackElo "2061"]
[PlyCount "105"]
[EventDate "2021.02.02"]
[EventType "swiss (blitz)"]
[EventRounds "11"]
[EventCountry "USA"]
[SourceTitle "CBM 200 Extra"]
[Source "ChessBase"]
[SourceDate "2021.03.31"]
[SourceVersion "1"]
[SourceVersionDate "2021.03.31"]
[SourceQuality "1"]

1. e4 c5 2. Nf3 e6 3. g3 Nc6 4. Bg2 Nf6 5. Qe2 d5 6. exd5 Nxd5 7. 0-0 Be7 8. Rd1 Qb6 9. Na3 0-0 10. Nc4 Qc7 11. d4 cxd4 12. Nxd4 Nxd4 13. Rxd4 Bf6 14. Rd1 Bd7 15. Ne3 Nxe3 16. Bxe3 Bc6 17. Bf4 Qb6 18. Bxc6 Qxc6 19. Rd6 Qc5 20. c3 Rfd8 21. Rad1 Rxd6 22. Bxd6 Qc6 23. Be5 Rd8 24. Bxf6 Rxd1+ 25. Qxd1 gxf6 26. Qd4 Qa6 27. Qxf6 Qxa2 28. b4 Qb1+ 29. Kg2 Qe4+ 30. Kh3 Qd5 31. f4 a6 32. Kg4 Qd1+ 33. Kh4 Qd5 34. Qg5+ Qxg5+ 35. Kxg5 Kg7 36. c4 h6+ 37. Kh5 Kh7 38. c5 Kg7 39. g4 f6 40. h4 Kh7 41. g5 hxg5 42. hxg5 Kg7 43. Kh4 Kg6 44. Kg4 fxg5 45. fxg5 e5 46. Kh4 Kf5 47. Kh5 e4 48. g6 e3 49. g7 e2 50. g8Q e1Q 51. Qf8+ Ke4 52. Qe7+ Kf3 53. Qxe1 1-0

[Event "Titled Tuesday intern op 26th Jan"]
[Site "Chess.com INT"]
[Date "2021.01.26"]
[Round "8"]
[White "Di Berardino, Diego Rafael"]
[Black "Gutkovich, Polina"]
[Result "1-0"]
[WhiteElo "2471"]
[BlackElo "2061"]
[PlyCount "124"]
[EventDate "2021.01.26"]
[EventType "swiss (blitz)"]
[EventRounds "11"]
[EventCountry "USA"]
[SourceTitle "CBM 200 Extra"]
[Source "ChessBase"]
[SourceDate "2021.03.31"]
[SourceVersion "1"]
[SourceVersionDate "2021.03.31"]
[SourceQuality "1"]

1. e4 Nc6 2. Nf3 d6 3. d4 Bg4 4. Be2 Nf6 5. Nc3 g6 6. 0-0 Bg7 7. Re1 0-0 8. d5 Bxf3 9. Bxf3 Ne5 10. Be2 c6 11. Bf4 Nfd7 12. Bf1 Rc8 13. dxc6 bxc6 14. Qd2 Rb8 15. b3 Qa5 16. Na4 Qxd2 17. Bxd2 c5 18. Rad1 Nc6 19. c3 h5 20. h3 Rfc8 21. Nb2 Nb6 22. Nc4 Nxc4 23. Bxc4 Ne5 24. Be2 c4 25. f4 Nd3 26. Bxd3 cxd3 27. c4 Rc6 28. Rb1 Ra6 29. a4 Rab6 30. b4 Bd4+ 31. Kf1 Bc5 32. b5 Bd4 33. Ba5 R6b7 34. Red1 e5 35. Rxd3 Rc8 36. Rc1 Kg7 37. Rc2 Kf6 38. Ke2 Ke6 39. Kd2 f5 40. fxe5 dxe5 41. exf5+ gxf5 42. Bc3 Bc5 43. Rd5 e4 44. Ke2 f4 45. Bd4 Bxd4 46. Rxd4 Ke5 47. Rd5+ Ke6 48. Rxh5 Rbc7 49. c5 e3 50. c6 Rf7 51. Kf3 Kd6 52. Rh4 Re7 53. Rxf4 Rce8 54. Re2 Kc5 55. Rf5+ Kb6 56. Rf4 a6 57. Rf5 axb5 58. axb5 Re5 59. Rxe5 Rxe5 60. Rxe3 Rxb5 61. Rc3 Kc7 62. g4 Rd5 1-0

[Event "Titled Tuesday intern op 26th Jan"]
[Site "Chess.com INT"]
[Date "2021.01.26"]
[Round "9"]
[White "Gutkovich, Polina"]
[Black "Blomqvist, Erik"]
[Result "1-0"]
[WhiteElo "2061"]
[BlackElo "2535"]
[PlyCount "69"]
[EventDate "2021.01.26"]
[EventType "swiss (blitz)"]
[EventRounds "11"]
[EventCountry "USA"]
[SourceTitle "CBM 200 Extra"]
[Source "ChessBase"]
[SourceDate "2021.03.31"]
[SourceVersion "1"]
[SourceVersionDate "2021.03.31"]
[SourceQuality "1"]

1. d4 Nf6 2. c4 e6 3. Nc3 Bb4 4. f3 d5 5. a3 Bxc3+ 6. bxc3 c6 7. cxd5 cxd5 8. e3 0-0 9. Bd3 b6 10. Ne2 Ba6 11. 0-0 Qc8 12. Bb2 Nc6 13. e4 Na5 14. e5 Nd7 15. f4 Bxd3 16. Qxd3 Nc4 17. Bc1 f5 18. h3 Qe8 19. g4 Qe7 20. gxf5 Rxf5 21. Ng3 Rf7 22. Ra2 Raf8 23. Rg2 Qh4 24. Kh2 Kh8 25. f5 Qe7 26. Qe2 exf5 27. e6 f4 28. exf7 fxg3+ 29. Kxg3 Rxf7 30. Qxe7 Rxe7 31. Bg5 Re6 32. Rf7 Rd6 33. Bf4 Rg6+ 34. Kf3 Rxg2 35. Kxg2 1-0